[Event "EU-ch Online U2300 Qual"]
[Site "Chess.com INT"]
[Date "2020.05.25"]
[Round "6"]
[White "Acikel, Mert"]
[Black "Strejczek, Dariusz"]
[Result "0-1"]
[WhiteElo "2149"]
[BlackElo "2149"]
[PlyCount "24"]
[EventDate "2020.05.25"]
[EventType "swiss"]
[EventRounds "8"]
[EventCountry "NET"]
[SourceTitle "EXT 2021"]
[Source "ChessBase"]
[SourceDate "2020.10.23"]
[SourceVersion "1"]
[SourceVersionDate "2020.10.23"]
[SourceQuality "1"]

1. e4 d6 2. d4 g6 3. Nc3 Bg7 4. Be3 Nf6 5. Qd2 0-0 6. Bh6 c5 7. Bxg7 Kxg7 8. h4 cxd4 9. Qxd4 Nc6 10. Qd2 h5 11. 0-0-0 Qa5 12. Kb1 Be6 0-1

[Event "EU-ch Online U2300 Qual"]
[Site "Chess.com INT"]
[Date "2020.05.25"]
[Round "5"]
[White "Kujawski, Adam"]
[Black "Strejczek, Dariusz"]
[Result "1-0"]
[WhiteElo "2201"]
[BlackElo "2149"]
[PlyCount "147"]
[EventDate "2020.05.25"]
[EventType "swiss"]
[EventRounds "8"]
[EventCountry "NET"]
[SourceTitle "EXT 2021"]
[Source "ChessBase"]
[SourceDate "2020.10.23"]
[SourceVersion "1"]
[SourceVersionDate "2020.10.23"]
[SourceQuality "1"]

1. e4 d6 2. d4 g6 3. Nc3 Bg7 4. h3 Nf6 5. Nf3 0-0 6. Be3 e5 7. dxe5 dxe5 8. Qxd8 Rxd8 9. Rd1 Rxd1+ 10. Kxd1 c6 11. a4 Be6 12. Ng5 Nbd7 13. Nxe6 fxe6 14. Bc4 Kf7 15. g4 Ne8 16. Ke2 Nd6 17. Rd1 Bf8 18. Ba2 b6 19. f3 Ke7 20. h4 h6 21. Nb1 c5 22. Nd2 Nb8 23. Nc4 Nxc4 24. Bxc4 Nc6 25. c3 Na5 26. Bb5 Rd8 27. Rxd8 Kxd8 28. Kd3 Nb7 29. h5 gxh5 30. gxh5 Nd6 31. Bc4 Ke7 32. Ba2 Nf7 33. b4 cxb4 34. cxb4 Kd7 35. Kc4 Nd6+ 36. Kc3 Nb7 37. Bc4 a5 38. bxa5 bxa5 39. Bb5+ Kc7 40. Kd3 Nd6 41. Bc5 Bg7 42. Ba6 Nf7 43. Be3 Bf8 44. Bd2 Kb6 45. Bc4 Nd8 46. Be3+ Kc7 47. Ke2 Kd6 48. Kd3 Nc6 49. Bb5 Nb4+ 50. Kc4 Kc7 51. Bd2 Kb6 52. Be8 Nc2 53. Bd7 Nd4 54. Be3 Bc5 55. Bxd4 Bxd4 56. f4 Bb2 57. f5 exf5 58. exf5 e4 59. Be8 Kc7 60. Kd5 e3 61. Bb5 Kd8 62. Ke6 Ba3 63. f6 Kc7 64. f7 Kb6 65. Be2 Bf8 66. Kd7 Kc5 67. Ke8 Bg7 68. f8Q+ Bxf8 69. Kxf8 Kb4 70. Bd1 e2 71. Bxe2 Kxa4 72. Kg7 Kb3 73. Kxh6 a4 74. Bg4 1-0

[Event "EU-ch Online U2300 Qual"]
[Site "Chess.com INT"]
[Date "2020.05.25"]
[Round "1"]
[White "Strejczek, Dariusz"]
[Black "Tokarev, Sergey"]
[Result "1/2-1/2"]
[WhiteElo "2149"]
[BlackElo "1438"]
[PlyCount "91"]
[EventDate "2020.05.25"]
[EventType "swiss"]
[EventRounds "8"]
[EventCountry "NET"]
[SourceTitle "EXT 2021"]
[Source "ChessBase"]
[SourceDate "2020.10.23"]
[SourceVersion "1"]
[SourceVersionDate "2020.10.23"]
[SourceQuality "1"]

1. e4 e6 2. d4 d5 3. Nc3 Nf6 4. Bg5 Be7 5. Bxf6 Bxf6 6. e5 Be7 7. Qg4 g6 8. h4 h5 9. Qf4 c5 10. Nf3 Nc6 11. dxc5 Bxc5 12. 0-0-0 Qa5 13. Ng5 0-0 14. g4 Qc7 15. Nf3 f6 16. gxh5 fxe5 17. Qg3 Qg7 18. Na4 b6 19. Nxc5 bxc5 20. hxg6 e4 21. Ng5 Rb8 22. c3 Qe5 23. h5 Qxg3 24. fxg3 Ne5 25. c4 Rf2 26. b3 Rxa2 27. Nxe4 Rxb3 28. Nf6+ Kg7 29. Ne8+ Kh6 30. g7 Rxg3 31. cxd5 Ra1+ 32. Kc2 Rxd1 33. Kxd1 exd5 34. Be2 Bg4 35. Bxg4 Rxg4 36. Re1 Nd7 37. Re6+ Kh7 38. Re7 Rd4+ 39. Kc2 Rc4+ 40. Kb3 Rb4+ 41. Ka3 Re4 42. Rxd7 Rxe8 43. Rxd5 Kxg7 44. Rxc5 Kh6 45. Rc7 Kxh5 46. Rxa7 1/2-1/2

[Event "POL-ch rapid"]
[Site "Zgierz"]
[Date "2018.03.04"]
[Round "9"]
[White "Strejczek, Dariusz"]
[Black "Zawadzka, Jolanta"]
[Result "0-1"]
[WhiteElo "2149"]
[BlackElo "2442"]
[PlyCount "60"]
[EventDate "2018.03.04"]
[EventType "swiss (rapid)"]
[EventRounds "9"]
[EventCountry "POL"]
[SourceTitle "CBM 183 Extra"]
[Source "ChessBase"]
[SourceDate "2018.04.19"]
[SourceVersion "1"]
[SourceVersionDate "2018.04.19"]
[SourceQuality "1"]

1. d4 Nf6 2. c4 g6 3. Nc3 Bg7 4. e4 d6 5. f3 a6 6. Be3 Nbd7 7. Qd2 c5 8. d5 b5 9. cxb5 0-0 10. Nge2 Nb6 11. Nc1 axb5 12. Nxb5 Nfd7 13. Rb1 Ne5 14. b3 f5 15. h3 fxe4 16. fxe4 e6 17. Bg5 Bf6 18. Bxf6 Qxf6 19. Nxd6 exd5 20. Nxc8 Raxc8 21. Nd3 Qh4+ 22. Kd1 Qxe4 23. Rc1 Rxf1+ 24. Rxf1 Nxd3 25. Rc3 c4 26. Qe2 Nc5 27. Qxe4 Nxe4 28. Re3 Ra8 29. bxc4 Nxc4 30. Rb3 Ncd2 0-1

[Event "POL-ch rapid"]
[Site "Zgierz"]
[Date "2018.03.04"]
[Round "4"]
[White "Wieczorek, Oskar"]
[Black "Strejczek, Dariusz"]
[Result "1-0"]
[WhiteElo "2464"]
[BlackElo "2149"]
[PlyCount "74"]
[EventDate "2018.03.04"]
[EventType "swiss (rapid)"]
[EventRounds "9"]
[EventCountry "POL"]
[SourceTitle "CBM 183 Extra"]
[Source "ChessBase"]
[SourceDate "2018.04.19"]
[SourceVersion "1"]
[SourceVersionDate "2018.04.19"]
[SourceQuality "1"]

1. Nf3 d6 2. e4 g6 3. d4 Bg7 4. Nc3 Nf6 5. h3 0-0 6. Be3 c6 7. a4 Qc7 8. a5 Rd8 9. Bd3 e5 10. 0-0 Qe7 11. Re1 Nh5 12. Bc4 Nf4 13. Bxf4 exf4 14. e5 d5 15. Bd3 Nd7 16. Qd2 g5 17. h4 h6 18. hxg5 hxg5 19. Bf5 Nf8 20. Qd3 Bh6 21. Nh2 Bxf5 22. Qxf5 Qe6 23. Ng4 Kg7 24. Qf6+ Qxf6 25. exf6+ Kg6 26. Re7 Re8 27. Rxb7 Ne6 28. Ne5+ Kf5 29. Nxc6 Kxf6 30. Nxd5+ Kg7 31. c3 Nd8 32. Nxd8 Raxd8 33. Ne7 Kf6 34. Nc6 Rd6 35. Ne5 Bf8 36. Rxf7+ Ke6 37. Rxa7 Kd5 1-0

[Event "EU-ch blitz"]
[Site "Katowice"]
[Date "2017.12.15"]
[Round "22"]
[White "Sotsky, Alexander"]
[Black "Strejczek, Dariusz"]
[Result "1-0"]
[WhiteElo "2333"]
[BlackElo "2149"]
[PlyCount "121"]
[EventDate "2017.12.15"]
[EventType "swiss (blitz)"]
[EventRounds "22"]
[EventCountry "POL"]
[SourceTitle "CBM 182 Extra"]
[Source "ChessBase"]
[SourceDate "2018.02.23"]
[SourceVersion "1"]
[SourceVersionDate "2018.02.23"]
[SourceQuality "1"]

1. d4 Nf6 2. c3 g6 3. Bg5 Bg7 4. e3 d6 5. f4 Ne4 6. Bh4 h6 7. Bd3 d5 8. Nd2 f5 9. Ngf3 Bf6 10. 0-0 e6 11. Bxf6 Qxf6 12. Bxe4 fxe4 13. Ne5 Nd7 14. c4 c6 15. Qb3 Nxe5 16. fxe5 Qg5 17. Rf4 Rf8 18. Raf1 Rf5 19. g3 b6 20. Kg2 Bd7 21. cxd5 cxd5 22. Qa3 Qe7 23. Qa6 Qb4 24. R1f2 Qb5 25. Qa3 Qa4 26. Qd6 Qc6 27. Qa3 Qa4 28. Qxa4 Bxa4 29. Nb1 Bb5 30. Nc3 Bd3 31. g4 Rxf4 32. Rxf4 Ke7 33. Rf6 Rg8 34. Nd1 Be2 35. Nc3 Bxg4 36. Nb5 a6 37. Nd6 Rg7 38. Nc8+ Kd7 39. Nxb6+ Kc6 40. Na4 Kb5 41. Nc5 Kc4 42. Kf2 Bf5 43. Ke1 Re7 44. Kd2 Kb5 45. Rf8 Kb6 46. Rb8+ Ka7 47. Rd8 g5 48. Rh8 g4 49. Rxh6 Kb6 50. Kc3 Kc7 51. Nxa6+ Kc6 52. Nc5 Re8 53. b4 Ra8 54. a4 Rc8 55. b5+ Kb6 56. Kb4 Re8 57. Rf6 Re7 58. a5+ Kc7 59. Rf8 Rh7 60. b6+ Kc6 61. Rc8+ 1-0

[Event "EU-ch blitz"]
[Site "Katowice"]
[Date "2017.12.15"]
[Round "15"]
[White "Zawadzka, Jolanta"]
[Black "Strejczek, Dariusz"]
[Result "1-0"]
[WhiteElo "2424"]
[BlackElo "2149"]
[PlyCount "119"]
[EventDate "2017.12.15"]
[EventType "swiss (blitz)"]
[EventRounds "22"]
[EventCountry "POL"]
[SourceTitle "CBM 182 Extra"]
[Source "ChessBase"]
[SourceDate "2018.02.23"]
[SourceVersion "1"]
[SourceVersionDate "2018.02.23"]
[SourceQuality "1"]

1. e4 d6 2. d4 g6 3. Nc3 Bg7 4. Nf3 Nf6 5. Be3 0-0 6. Qd2 Re8 7. Bh6 Bh8 8. Bd3 c5 9. 0-0-0 Qa5 10. dxc5 dxc5 11. Bc4 e6 12. Kb1 a6 13. Nd5 Qxd2 14. Nxf6+ Bxf6 15. Rxd2 Nc6 16. Rhd1 b5 17. Bf1 Nd4 18. Ne1 e5 19. c3 Ne6 20. g3 Bb7 21. f3 Be7 22. Bh3 Bc8 23. Nd3 f6 24. Be3 c4 25. Ne1 Kf7 26. Nc2 a5 27. a3 Nc5 28. Bxc8 Raxc8 29. Bxc5 Bxc5 30. Rd5 Ke6 31. f4 exf4 32. gxf4 f5 33. Re5+ Kf6 34. Rxe8 Rxe8 35. e5+ Ke6 36. Nd4+ Bxd4 37. Rxd4 g5 38. Rd6+ Ke7 39. fxg5 Rg8 40. h4 Rg6 41. Rd5 f4 42. Rd4 Ke6 43. Rxf4 Kxe5 44. Rf7 h6 45. Rb7 hxg5 46. Rxb5+ Kf4 47. hxg5 Rxg5 48. Rxg5 Kxg5 49. a4 Kf4 50. Kc2 Ke4 51. b3 cxb3+ 52. Kxb3 Kd3 53. Kb2 Kc4 54. Kc2 Kc5 55. Kd3 Kd5 56. c4+ Kc6 57. Kd4 Kd6 58. c5+ Kc6 59. Kc4 Kb7 60. Kb5 1-0

[Event "EU-ch blitz"]
[Site "Katowice"]
[Date "2017.12.15"]
[Round "3"]
[White "Zhigalko, Sergei"]
[Black "Strejczek, Dariusz"]
[Result "1-0"]
[WhiteElo "2641"]
[BlackElo "2149"]
[PlyCount "51"]
[EventDate "2017.12.15"]
[EventType "swiss (blitz)"]
[EventRounds "22"]
[EventCountry "POL"]
[SourceTitle "CBM 182 Extra"]
[Source "ChessBase"]
[SourceDate "2018.02.23"]
[SourceVersion "1"]
[SourceVersionDate "2018.02.23"]
[SourceQuality "1"]

1. e4 d6 2. d4 g6 3. Nc3 Bg7 4. Nf3 Nf6 5. h3 0-0 6. Be3 e6 7. Qd2 Re8 8. Bh6 Bh8 9. 0-0-0 a6 10. Bg5 Qd7 11. Qf4 Nh5 12. Qh4 f6 13. Be3 Qe7 14. g4 Ng7 15. e5 fxe5 16. Ng5 h5 17. dxe5 d5 18. Bd3 d4 19. Bxd4 Nc6 20. Bxg6 Rd8 21. Nce4 Ne8 22. Qxh5 Qg7 23. Bf7+ Kf8 24. Bc5+ Nd6 25. Nxd6 b6 26. Nf5+ 1-0

[Event "POL-chT 2nd League"]
[Site "Lublin"]
[Date "2006.09.09"]
[Round "8.40"]
[White "Strejczek, Dariusz"]
[Black "Zdrojewski, Wojciech"]
[Result "0-1"]
[WhiteElo "2137"]
[BlackElo "2169"]
[PlyCount "58"]
[EventDate "2006.09.02"]
[EventType "team-swiss"]
[EventRounds "9"]
[EventCountry "POL"]
[SourceTitle "EXT 2019"]
[Source "ChessBase"]
[SourceDate "2018.10.10"]
[SourceVersion "1"]
[SourceVersionDate "2018.10.10"]
[SourceQuality "1"]
[WhiteTeam "Lodz Szach Centrum"]
[BlackTeam "Gdynia Korsarz"]
[WhiteTeamCountry "POL"]
[BlackTeamCountry "POL"]

1. d4 c5 2. d5 f5 3. c4 d6 4. Nc3 Nf6 5. Bg5 g6 6. Qd2 h6 7. Bxf6 exf6 8. h4 h5 9. e4 Bh6 10. f4 Kf7 11. 0-0-0 Re8 12. Bd3 fxe4 13. Bxe4 Bg4 14. Rf1 Na6 15. a3 Nc7 16. Bf3 f5 17. Bxg4 hxg4 18. Qd3 Qf6 19. g3 Bg7 20. Rh2 a6 21. h5 Rh8 22. hxg6+ Kxg6 23. Rff2 Rxh2 24. Rxh2 Rb8 25. Rh4 Qd4 26. Rxg4+ Kf6 27. Qxd4+ cxd4 28. Rxg7 Kxg7 29. Nce2 d3 0-1

[Event "POL-chT 2nd League"]
[Site "Lublin"]
[Date "2006.09.04"]
[Round "3.46"]
[White "Masternak, Aleksander"]
[Black "Strejczek, Dariusz"]
[Result "1/2-1/2"]
[WhiteElo "2244"]
[BlackElo "2137"]
[PlyCount "82"]
[EventDate "2006.09.02"]
[EventType "team-swiss"]
[EventRounds "9"]
[EventCountry "POL"]
[SourceTitle "EXT 2019"]
[Source "ChessBase"]
[SourceDate "2018.10.10"]
[SourceVersion "1"]
[SourceVersionDate "2018.10.10"]
[SourceQuality "1"]
[WhiteTeam "Szopienice HetMaN II"]
[BlackTeam "Lodz Szach Centrum"]
[WhiteTeamCountry "POL"]
[BlackTeamCountry "POL"]

1. e4 d6 2. d4 Nf6 3. Nc3 g6 4. f4 Bg7 5. Be3 Ng4 6. Bc1 c5 7. Bb5+ Nc6 8. d5 Bxc3+ 9. bxc3 Qa5 10. Rb1 Qxc3+ 11. Bd2 Qd4 12. Qf3 Nxh2 13. Qd3 Qxd3 14. cxd3 a6 15. Bxc6+ bxc6 16. Bc3 0-0 17. Rxh2 cxd5 18. exd5 Ra7 19. Nf3 Bb7 20. Ng5 h5 21. g4 f6 22. gxh5 Bxd5 23. hxg6 Kg7 24. f5 Rh8 25. Rbb2 Raa8 26. Ne4 c4 27. Rxh8 Rxh8 28. Kd2 cxd3 29. Kxd3 Rh3+ 30. Kd4 Bxe4 31. Kxe4 Rxc3 32. Rb7 Rc4+ 33. Ke3 Kf8 34. Rb8+ Kg7 35. Re8 Rc7 36. Kd4 Rc5 37. Rxe7+ Kg8 38. Ke4 Re5+ 39. Rxe5 dxe5 40. a4 Kg7 41. Kd5 Kg8 1/2-1/2

[Event "Polanica Zdroj op-A 42nd"]
[Site "Polanica Zdroj"]
[Date "2006.08.22"]
[Round "4"]
[White "Filipenko, Alexander V"]
[Black "Strejczek, Dariusz"]
[Result "1-0"]
[WhiteElo "2381"]
[BlackElo "2137"]
[PlyCount "57"]
[EventDate "2006.08.19"]
[EventType "swiss"]
[EventRounds "7"]
[EventCountry "POL"]
[SourceTitle "CBM 113 Extra"]
[Source "ChessBase"]
[SourceDate "2006.09.14"]
[SourceVersion "1"]
[SourceVersionDate "2006.09.14"]
[SourceQuality "1"]

1. d4 Nf6 2. c4 g6 3. Nc3 Bg7 4. e4 d6 5. Nge2 0-0 6. Ng3 e5 7. d5 c6 8. Be2 cxd5 9. cxd5 Ne8 10. 0-0 Nd7 11. Be3 h5 12. Qd2 h4 13. Nh1 f5 14. exf5 gxf5 15. f4 e4 16. Nf2 Ndf6 17. Nh3 Qe7 18. Bc4 Ng4 19. Bd4 Bh6 20. Bb3 Nef6 21. Ng5 Bxg5 22. fxg5 Nh5 23. Rae1 Ne5 24. Bxe5 Qxe5 25. Qf2 Bd7 26. Qxh4 Qh8 27. Bd1 Ng7 28. Qf4 Rad8 29. Re3 1-0

[Event "Polanica Zdroj op-A 42nd"]
[Site "Polanica Zdroj"]
[Date "2006.08.20"]
[Round "2"]
[White "Strejczek, Dariusz"]
[Black "Butkiewicz, Lukasz"]
[Result "1-0"]
[WhiteElo "2137"]
[BlackElo "2260"]
[PlyCount "129"]
[EventDate "2006.08.19"]
[EventType "swiss"]
[EventRounds "7"]
[EventCountry "POL"]
[SourceTitle "CBM 113 Extra"]
[Source "ChessBase"]
[SourceDate "2006.09.14"]
[SourceVersion "1"]
[SourceVersionDate "2006.09.14"]
[SourceQuality "1"]

1. e4 c5 2. Nf3 d6 3. d4 cxd4 4. Nxd4 Nf6 5. Nc3 a6 6. a4 e6 7. Be3 Be7 8. Be2 0-0 9. 0-0 Nbd7 10. f4 Qc7 11. Bf3 Nb6 12. Qd3 Nc4 13. Bc1 e5 14. Nde2 exf4 15. Nxf4 Be6 16. Kh1 Rac8 17. Qd4 Qc5 18. Qxc5 Rxc5 19. Rd1 Rfc8 20. Nce2 g5 21. Nxe6 fxe6 22. Nd4 Re5 23. b3 Na5 24. Bb2 g4 25. Be2 Nxe4 26. Re1 Bg5 27. g3 h5 28. Kg2 Bd2 29. Rf1 Bc3 30. Bxc3 Nxc3 31. Bd3 Nd5 32. Kg1 Nc6 33. Nxc6 Rxc6 34. c4 Ne3 35. Rf6 Rc7 36. Re1 Nxc4 37. Rc1 Re3 38. Rxc4 Rxc4 39. Bxc4 d5 40. Kf2 Re5 41. Bd3 Kg7 42. Rg6+ Kf7 43. Rh6 b5 44. Rh8 Ke7 45. Ra8 bxa4 46. bxa4 Kd6 47. Bxa6 d4 48. Bc4 Re3 49. Ra6+ Kc5 50. Bxe6 Rc3 51. Ra5+ Kd6 52. Bf5 Ra3 53. Bb1 Ra1 54. Rb5 Rxa4 55. Rxh5 Rb4 56. Bf5 Rb2+ 57. Ke1 Ke5 58. Bc2+ Kf6 59. Kd2 Ra2 60. Kd3 Rb2 61. Rd5 Rb8 62. Kxd4 Rh8 63. Rf5+ Kg7 64. Rf2 Kh6 65. Ke3 1-0

[Event "Polanica Zdroj op-A 42nd"]
[Site "Polanica Zdroj"]
[Date "2006.08.19"]
[Round "1"]
[White "Strejczek, Dariusz"]
[Black "Dobrowolski, Aleksander"]
[Result "1-0"]
[WhiteElo "2137"]
[BlackElo "2280"]
[PlyCount "73"]
[EventDate "2006.08.19"]
[EventType "swiss"]
[EventRounds "7"]
[EventCountry "POL"]
[SourceTitle "CBM 113 Extra"]
[Source "ChessBase"]
[SourceDate "2006.09.14"]
[SourceVersion "1"]
[SourceVersionDate "2006.09.14"]
[SourceQuality "1"]

1. e4 c5 2. Nf3 Nc6 3. d4 cxd4 4. Nxd4 e6 5. Nc3 Qc7 6. Be3 a6 7. a4 Nf6 8. Be2 Bb4 9. Bf3 Ne5 10. Nde2 d5 11. exd5 Nxf3+ 12. gxf3 Nxd5 13. Qd4 Bxc3+ 14. Nxc3 Nxe3 15. fxe3 e5 16. Qb4 Be6 17. 0-0-0 Qe7 18. Qe4 Qc5 19. Rhg1 0-0 20. Nd5 f6 21. b4 Bxd5 22. Rxg7+ Kxg7 23. Qg4+ Kh8 24. bxc5 Bc6 25. Rd6 Rf7 26. Qf5 Raf8 27. a5 Kg7 28. h4 Kh8 29. h5 Bb5 30. h6 Bc6 31. c4 Ba4 32. Kb2 Bc6 33. Kb3 Be8 34. Qe6 Kg8 35. Qg4+ Kh8 36. Rxf6 Rg8 37. Qf5 1-0

[Event "POL-ch U18"]
[Site "Leba"]
[Date "2004.04.03"]
[Round "10"]
[White "Strejczek, Dariusz"]
[Black "Fraczek, Daniel"]
[Result "0-1"]
[WhiteElo "2084"]
[BlackElo "2236"]
[PlyCount "125"]
[EventDate "2004.03.27"]
[EventType "swiss"]
[EventRounds "11"]
[EventCountry "POL"]
[SourceTitle "EXT 2005"]
[Source "ChessBase"]
[SourceDate "2004.11.15"]
[SourceVersion "1"]
[SourceVersionDate "2004.11.15"]
[SourceQuality "1"]

1. d4 Nf6 2. c4 g6 3. Nc3 Bg7 4. e4 d6 5. h3 0-0 6. Be3 c6 7. Bd3 a6 8. a4 a5 9. Nge2 Na6 10. 0-0 e5 11. d5 Nd7 12. Kh2 Nb4 13. Bb1 Nc5 14. f4 exf4 15. Bxf4 Be5 16. Bxe5 dxe5 17. g4 Qh4 18. Ng1 Qh6 19. Ra3 Bd7 20. Qe2 b6 21. Kg2 Rae8 22. Rf2 Kg7 23. Kg3 f6 24. Rf3 Nb7 25. dxc6 Bxc6 26. Nd5 Bxd5 27. cxd5 Qc1 28. Rf1 Qc7 29. Rc3 Nc5 30. Nf3 Qd6 31. b3 f5 32. gxf5 gxf5 33. Nh4 f4+ 34. Kh2 Kh8 35. Qh5 Rg8 36. Rcf3 Qf6 37. Rg1 Rxg1 38. Kxg1 Rg8+ 39. Kf1 Qg7 40. Ke2 Nd7 41. Qf5 Na6 42. Rf2 Nac5 43. Bc2 Qg1 44. Bd1 Rf8 45. Nf3 Rxf5 46. Nxg1 Nxe4 47. Bc2 Ng3+ 48. Kf3 Rf8 49. Kg2 e4 50. Rxf4 Rxf4 51. Kxg3 Rf8 52. Bxe4 Nc5 53. Bc2 Rd8 54. Kf3 Rxd5 55. Ke3 Kg7 56. Nf3 h6 57. Nd4 Kf6 58. Nf3 Rd7 59. Nd2 Rg7 60. Kf3 Ne6 61. Ne4+ Ke5 62. Ke3 Ng5 63. Nf2 0-1

[Event "POL-ch U18"]
[Site "Leba"]
[Date "2004.03.31"]
[Round "6"]
[White "Cajbel, Maciej"]
[Black "Strejczek, Dariusz"]
[Result "1-0"]
[WhiteElo "2210"]
[BlackElo "2034"]
[PlyCount "133"]
[EventDate "2004.03.27"]
[EventType "swiss"]
[EventRounds "11"]
[EventCountry "POL"]
[SourceTitle "EXT 2005"]
[Source "ChessBase"]
[SourceDate "2004.11.15"]
[SourceVersion "1"]
[SourceVersionDate "2004.11.15"]
[SourceQuality "1"]

1. Nf3 Nf6 2. g3 g6 3. Bg2 Bg7 4. 0-0 0-0 5. c4 Nc6 6. d3 e5 7. Bg5 d6 8. Nc3 Ne7 9. Rb1 Be6 10. Qc1 Qd7 11. Rd1 Nf5 12. b4 h6 13. Bxf6 Bxf6 14. e4 Nd4 15. Qxh6 Bg4 16. Nxd4 exd4 17. Nd5 Bg7 18. Qh4 f6 19. f3 Be6 20. b5 c6 21. bxc6 bxc6 22. Nb4 Kf7 23. Qf4 Rh8 24. Qd2 a5 25. Nc2 Qa7 26. f4 Rab8 27. Qf2 c5 28. Na3 Bd7 29. e5 dxe5 30. fxe5 f5 31. Bd5+ Ke7 32. e6 Ba4 33. Nb5 Bxb5 34. cxb5 Qc7 35. Qc2 Bh6 36. Kg2 Be3 37. Qa4 f4 38. b6 Qd6 39. Qd7+ Qxd7 40. exd7 Kxd7 41. gxf4 Bxf4 42. h3 Rh5 43. Be4 Rg5+ 44. Kf3 Rf8 45. Ke2 Rg3 46. Rg1 Re3+ 47. Kd1 g5 48. b7 c4 49. Rb5 cxd3 50. Rd5+ Ke6 51. Bg2 Be5 52. Rxa5 Rb8 53. Rf1 Re2 54. Bf3 Rb2 55. Ra6+ Ke7 56. Re1 Rb1+ 57. Kd2 Rxe1 58. Kxe1 Bf4 59. Ra4 Rd8 60. Ra8 Rb8 61. a4 Kd7 62. a5 Kc7 63. a6 Kb6 64. Kd1 Be5 65. a7 Rxb7 66. Bxb7 Kxb7 67. Re8 1-0

[Event "POL-ch U18"]
[Site "Leba"]
[Date "2004.03.27"]
[Round "1"]
[White "Strejczek, Dariusz"]
[Black "Bartel, Michal"]
[Result "1/2-1/2"]
[WhiteElo "2034"]
[BlackElo "2242"]
[PlyCount "75"]
[EventDate "2004.03.27"]
[EventType "swiss"]
[EventRounds "11"]
[EventCountry "POL"]
[SourceTitle "EXT 2005"]
[Source "ChessBase"]
[SourceDate "2004.11.15"]
[SourceVersion "1"]
[SourceVersionDate "2004.11.15"]
[SourceQuality "1"]

1. d4 Nf6 2. c4 c5 3. d5 e6 4. Nc3 exd5 5. cxd5 d6 6. e4 g6 7. f4 Bg7 8. Nf3 0-0 9. Bd3 Re8 10. 0-0 Na6 11. h3 c4 12. Bc2 Rb8 13. a4 Nb4 14. Re1 a6 15. a5 Nd7 16. Be3 Qc7 17. Ra4 Nxc2 18. Qxc2 b5 19. axb6 Nxb6 20. Rb4 f5 21. Qf2 Nd7 22. Rxb8 Qxb8 23. exf5 gxf5 24. Nd4 Nc5 25. Nc6 Qb6 26. Na4 Qc7 27. Bxc5 Rxe1+ 28. Qxe1 dxc5 29. Qe8+ Bf8 30. Nxc5 Qxf4 31. Ne7+ Kg7 32. Qxc8 Qc1+ 33. Kh2 Qf4+ 34. Kg1 Qe3+ 35. Kh2 Qe5+ 36. Kh1 Bxe7 37. Ne6+ Kf7 38. Qd7 1/2-1/2

[Event "POL-ch U16"]
[Site "Krynica"]
[Date "2003.??.??"]
[Round "1"]
[White "Kubit, Tomasz"]
[Black "Strejczek, Dariusz"]
[Result "0-1"]
[WhiteElo "2125"]
[BlackElo "2000"]
[PlyCount "90"]
[EventDate "2003.??.??"]
[EventType "swiss"]
[EventRounds "11"]
[EventCountry "POL"]
[SourceTitle "EXT 2007"]
[Source "ChessBase"]
[SourceDate "2006.11.23"]
[SourceVersion "1"]
[SourceVersionDate "2006.11.23"]
[SourceQuality "1"]

1. e4 d6 2. d4 Nf6 3. Nc3 g6 4. f3 Bg7 5. Be3 0-0 6. Qd2 e5 7. dxe5 dxe5 8. Qxd8 Rxd8 9. Bc4 Nc6 10. a3 Nd4 11. 0-0-0 c6 12. Nge2 Ne8 13. Bg5 Rd6 14. Nxd4 exd4 15. Bf4 Rd8 16. Ne2 b5 17. Ba2 Be6 18. Bxe6 fxe6 19. e5 c5 20. b4 Bf8 21. bxc5 Bxc5 22. Kb2 Rd5 23. Rhe1 a5 24. Rd3 a4 25. Red1 Rad8 26. g4 Kg7 27. h4 h6 28. Bg3 Nc7 29. f4 Na6 30. Be1 Nb8 31. Bb4 Bxb4 32. axb4 Nc6 33. g5 Nxb4 34. Rxd4 Rc8 35. c3 Na6 36. Rxd5 exd5 37. Rxd5 Nc5 38. Ka3 hxg5 39. fxg5 Ne4 40. Rxb5 Nxc3 41. Rb7+ Kg8 42. Nf4 Rc6 43. e6 Rc8 44. Nxg6 Re8 45. Re7 Rb8 0-1

[Event "POL-ch U16"]
[Site "Krynica"]
[Date "2003.??.??"]
[Round "3"]
[White "Roubo, Dariusz"]
[Black "Strejczek, Dariusz"]
[Result "1-0"]
[WhiteElo "2105"]
[BlackElo "2000"]
[PlyCount "141"]
[EventDate "2003.??.??"]
[EventType "swiss"]
[EventRounds "11"]
[EventCountry "POL"]
[SourceTitle "EXT 2007"]
[Source "ChessBase"]
[SourceDate "2006.11.23"]
[SourceVersion "1"]
[SourceVersionDate "2006.11.23"]
[SourceQuality "1"]

1. e4 c5 2. Nf3 e6 3. c3 Nc6 4. d4 cxd4 5. cxd4 d5 6. e5 Nge7 7. Bd3 Nf5 8. Bxf5 exf5 9. Nc3 Be6 10. 0-0 Be7 11. Ne2 0-0 12. g3 Kh8 13. h4 h6 14. Kg2 Rc8 15. Bd2 b5 16. Rh1 Qb6 17. Nf4 Kg8 18. Nh3 Na5 19. Bxh6 gxh6 20. Qd2 Bd7 21. e6 fxe6 22. Qxh6 Kf7 23. Qh7+ Ke8 24. Nf4 Kd8 25. Ng6 Re8 26. Qg7 Nc6 27. Rac1 Rc7 28. Nfe5 Nxe5 29. Nxe5 Kc8 30. Rxc7+ Qxc7 31. h5 Qc2 32. h6 Qe4+ 33. Nf3 Bf8 34. Qf7 Bxh6 35. Rxh6 Rd8 36. Rh7 a5 37. Qe7 Qc2 38. Qd6 Qc6 39. Qxc6+ Bxc6 40. Ne5 Bb7 41. Re7 Rd6 42. Nf7 Rd7 43. Rxd7 Kxd7 44. Ne5+ Ke7 45. Kf3 b4 46. a3 Kd6 47. axb4 axb4 48. Nd3 Bc8 49. Nxb4 e5 50. dxe5+ Kxe5 51. Nc6+ Kd6 52. Nd4 Kc5 53. Ke3 Bd7 54. Kd3 Kb4 55. f3 Be8 56. Nxf5 Kc5 57. Ne7 Bc6 58. b4+ Kd6 59. Ng6 Bd7 60. Kd4 Bb5 61. f4 Ba4 62. Ne5 Be8 63. Nd3 Bd7 64. Ne1 Bb5 65. Nc2 Bd7 66. Ne3 Be6 67. b5 Bd7 68. b6 Be6 69. b7 Kc7 70. Ke5 Bf7 71. Nf5 1-0

[Event "POL-ch U16"]
[Site "Krynica"]
[Date "2003.??.??"]
[Round "5"]
[White "Strejczek, Dariusz"]
[Black "Ejsmont, Krzysztof"]
[Result "0-1"]
[WhiteElo "2000"]
[BlackElo "2100"]
[PlyCount "92"]
[EventDate "2003.??.??"]
[EventType "swiss"]
[EventRounds "11"]
[EventCountry "POL"]
[SourceTitle "EXT 2007"]
[Source "ChessBase"]
[SourceDate "2006.11.23"]
[SourceVersion "1"]
[SourceVersionDate "2006.11.23"]
[SourceQuality "1"]

1. d4 Nf6 2. c4 e6 3. Nc3 Bb4 4. Qc2 c5 5. Nf3 cxd4 6. Nxd4 Nc6 7. e3 0-0 8. Bd2 d5 9. a3 Bd6 10. Nxc6 bxc6 11. b4 e5 12. cxd5 cxd5 13. Nb5 Bb7 14. Nxd6 Qxd6 15. f3 Rac8 16. Qb3 e4 17. Be2 d4 18. 0-0 exf3 19. Bxf3 Bxf3 20. Rxf3 Ne4 21. Qd3 Nxd2 22. Qxd2 d3 23. Rd1 Rfd8 24. Qa2 Rd7 25. Rf4 Qe7 26. Rf3 Qd6 27. Rf4 Qe7 28. Rf3 h6 29. Qb3 Qe4 30. Rdf1 Rcc7 31. Qd1 Rc2 32. Qe1 Rdc7 33. Qg3 d2 34. Qd6 Qc4 35. Qd4 Qe2 36. R3f2 Qe1 37. Qd8+ Kh7 38. Qd3+ Kg8 39. Qd8+ Kh7 40. Qd3+ g6 41. Qd5 Qxe3 42. Qf3 Qd4 43. Qf4 d1Q 44. Rxd1 Qxd1+ 45. Rf1 Qd2 46. Qe4 Rc1 0-1